[Event "SWE-ch"]
[Site "Linkoping"]
[Date "2001.07.11"]
[Round "10"]
[White "Karlsson, Lars"]
[Black "Carlsson, Pontus"]
[Result "1/2-1/2"]
[WhiteElo "2476"]
[BlackElo "2330"]
[Annotator "Ziegler,A"]
[PlyCount "149"]
[EventDate "2001.06.30"]
[EventType "tourn"]
[EventRounds "13"]
[EventCountry "SWE"]
[EventCategory "8"]
[SourceTitle "CBM 085"]
[Source "ChessBase"]
[SourceDate "2001.11.13"]
[SourceVersion "1"]
[SourceVersionDate "2001.11.13"]
[SourceQuality "1"]

1. Nf3 c5 2. g3 b6 3. Bg2 Bb7 4. O-O g6 5. c4 Bg7 6. Nc3 Nf6 7. d3 O-O 8. e4 {
Lasse upprepar sitt öppningsval från partiet mot Agrest.} Nc6 9. Ne1 Ne8 10.
Nc2 e6 11. Be3 Nd6 12. f4 f5 {[#] Pontus spelar så som Lasse själv skulle
kunnat ha gjort. Lite smådynamiskt och spänningssökande.} 13. e5 Nf7 14. d4
cxd4 15. Nxd4 Na5 16. Bxb7 Nxb7 17. Qf3 Na5 18. b3 Qe7 19. Rfe1 {Ett
mästardrag. Svart vill på sikt kunna spela ...d6, men tornet på e1 kommer att
avskräcka honom.} Rfc8 20. Rad1 Rab8 21. Rd3 Qe8 22. Red1 Bf8 23. Nc2 Rc7 24.
Nb5 Rcb7 {[#]} 25. Kh1 {Ett gentlemannadrag: "After you Sir!".} Nc6 26. Bf2 ({
Nu har svart ...Sxe5 på lut, så vit skulle nog spelat:} 26. R3d2 a6 27. Nbd4 {
Med fortsatt tryckspel.}) 26... Qc8 27. R1d2 a6 28. Nd6 {Vit blir tvungen att
ge upp sitt trumfkort: d-linjen.} (28. Nbd4 Nfxe5 29. fxe5 Nxe5 30. Qe3 Nxd3
31. Rxd3 {Är lite sisådär. Vit kan i varje fall inte vara säker på att han
står bättre.}) 28... Nxd6 29. exd6 Nd8 {Det börjar likna en Agrestspringare.}
30. Nb4 Ra7 31. a4 Raa8 32. h3 b5 (32... Nf7 33. Kg2 Rb7 34. Nc2 Qb8 {Är
meningslöst eftersom bonde ändå inte går att ta på grund av ett den pjäs som
tar strax behöver flyttas och vit kommer in på d7.}) 33. axb5 axb5 34. c5 Ra1+
35. Kh2 Rba8 36. Bd4 Rb1 37. Rd1 Rxd1 38. Rxd1 Bg7 39. Bf2 (39. Bxg7 Kxg7 40.
Rc1 {Var likvärdigt.}) 39... Bf6 40. g4 fxg4 41. hxg4 Qb7 42. Qxb7 Nxb7 43. Rd3
Bb2 44. c6 dxc6 45. Nxc6 Ra6 46. Ne7+ Kf7 47. Nc8 Bf6 48. Bb6 Bd8 49. Bxd8 Nxd8
50. d7 b4 51. Rd4 e5 52. fxe5 Ke6 {[#] För att kunna vinna dylika ställningar
krävs en oerhörd precision. Det förefaller vara vinst, men det är nog remi
trots allt på grund av svarts aktiva kung.} 53. Rxb4 ({Att behålla d-bonden
istället blir troligen också remi.} 53. Kg3 Ra1 54. Nb6 Kxe5 55. Rxb4 Kd6 56.
Rc4 Ra6 57. Na4 Ra5) 53... Kxd7 54. Nb6+ Ke6 55. Nc4 Nc6 56. Rb5 Nd4 57. Rb7
Nf3+ 58. Kg3 Nxe5 59. Nxe5 Kxe5 60. Rxh7 Rb6 61. Re7+ Kf6 62. Re3 Kg5 63. Rc3
Rb4 64. Rc5+ Kf6 65. Rc3 Kg5 66. Kh3 Rb5 67. Rg3 Rb4 68. Kg2 Rxg4 69. b4 Rxg3+
70. Kxg3 Kf5 71. b5 Ke6 72. b6 Kd7 73. Kg4 Kc6 74. Kg5 Kxb6 75. Kxg6 1/2-1/2

[Event "SWE-ch"]
[Site "Linkoping"]
[Date "2001.07.09"]
[Round "8"]
[White "Karlsson, Lars"]
[Black "Agrest, Evgenij"]
[Result "1/2-1/2"]
[WhiteElo "2476"]
[BlackElo "2531"]
[Annotator "Ziegler,A"]
[PlyCount "51"]
[EventDate "2001.06.30"]
[EventType "tourn"]
[EventRounds "13"]
[EventCountry "SWE"]
[EventCategory "8"]
[SourceTitle "CBM 085"]
[Source "ChessBase"]
[SourceDate "2001.11.13"]
[SourceVersion "1"]
[SourceVersionDate "2001.11.13"]
[SourceQuality "1"]

1. Nf3 c5 2. g3 b6 3. Bg2 Bb7 4. O-O g6 5. c4 Bg7 6. Nc3 Nf6 7. d3 O-O 8. e4 d6
{[#] Det här blir skuggboxning på hög nivå. Vits springare skulle stå bättre
på e2 än f3.} 9. Ne1 {Springaren söker en bättre ruta direkt.} Nc6 10. Nc2 Nd7
11. Rb1 Re8 12. Be3 Nf8 13. Qd2 (13. d4 cxd4 14. Nxd4 {Leder till en normal
typställning där chanserna väger lika.}) 13... Ne6 14. Ne2 Ned4 15. Nexd4 Nxd4
16. Nxd4 cxd4 17. Bh6 e5 18. Bxg7 Kxg7 19. f4 f6 {[#] Vit står minimalt bättre
tack vare att hans genombrottsmöjligheter är mer realistiska än svarts. Men
därifrån till uppgivet av Agrest är en evighet.} 20. f5 {Varför sluta
kungsflygeln? Vit hade väl inget att frukta?} (20. b4 Qe7) 20... g5 21. Bf3 Bc6
22. Rfc1 Qe7 23. b4 Rec8 24. Bd1 Rc7 25. a4 {Lasse har fått göra alla sina
förberedelser. Agrest spelar det enkla:} a5 26. b5 {Och remin är ett faktum.}
1/2-1/2

[Event "SWE-ch"]
[Site "Linkoping"]
[Date "2001.07.03"]
[Round "3"]
[White "Eriksson, Anders"]
[Black "Carlsson, Pontus"]
[Result "1/2-1/2"]
[WhiteElo "2354"]
[BlackElo "2316"]
[Annotator "Ziegler,A"]
[PlyCount "30"]
[EventDate "2001.06.30"]
[EventType "tourn"]
[EventRounds "13"]
[EventCountry "SWE"]
[EventCategory "8"]
[SourceTitle "CBM 085"]
[Source "ChessBase"]
[SourceDate "2001.11.13"]
[SourceVersion "1"]
[SourceVersionDate "2001.11.13"]
[SourceQuality "1"]

1. Nf3 Nf6 2. c4 e6 3. Nc3 c5 4. g3 b6 5. Bg2 Bb7 6. O-O a6 {Svart vill spela
treradersuppställningen.} ({Det här partiet blev inte speciellt långt. Ulf
Andersson var i Göteborg och underhöll oss med ett parti som han precis hade
spelat i Argentina mot Szmetan:} 6... Be7 7. d4 cxd4 8. Qxd4 d6 9. b3 Nbd7 10.
Rd1 a6 {Ulf Andersson använder sig av en gammal Larsenidé.} 11. Ng5 Bxg2 12.
Kxg2 Qc7 13. Nge4 Nxe4 14. Nxe4 O-O 15. Ba3 Qc6 16. f3 Nc5 17. Bb2 f6 18. Nf2
Rf7 19. Rac1 f5 20. Rc2 Rd8 21. Qe3 Bf6 22. b4 Qa4 23. Bxf6 Rxf6 24. Rb2 Nb7
25. Qxb6) 7. d4 cxd4 8. Qxd4 d6 9. Rd1 Nbd7 10. e4 (10. Ng5 Bxg2 11. Kxg2 Qc7
12. Nge4 Nxe4 13. Nxe4 Ne5 14. b3 Rd8 15. Be3 b5 16. Qb6 Qxb6 17. Bxb6 Rd7 18.
cxb5 axb5 19. Rac1 {Vit står bättre. Larsen,B-Gheorghiu,F, Las Palmas 1976})
10... Rc8 11. b3 Qc7 12. Bb2 Be7 13. Qe3 O-O 14. Rac1 Rfe8 15. Nd4 (15. Nd2 {
Hulak,K-Bozinovic,B, Kastel Stari 1997.}) 15... Bf8 {Turneringen är lång och
spelarna kände kanske at de ville satsa på nästa parti istället. Men det var
fegt, mycket fegt att inte spela vidare. Det är egentligen nu partiet börjar.
Båda har ställt upp sig inför den annalkande kampen. Det är dags att visa vad
man kan. Och tänk på alla fans! Vad skall de säga nu? Hur skall de kunna
försvara sina idoler inför vännerna? Mihail Tal hade ett motto som inspirerar:
"Idag skall jag göra mitt livs parti!". Om man alltid ger allt förlorar man
många partier men vinner desto fler hjärtan!} 1/2-1/2